| 000 | 00432nam a22001577a 4500 | ||
|---|---|---|---|
| 003 | OSt | ||
| 005 | 20240418160342.0 | ||
| 008 | 240418b |||||||| |||| 00| 0 eng d | ||
| 040 | _cMRSPTU | ||
| 100 | _aDarwin,Charles (ਡਾਰਵਿਨ, ਚਾਰਲਸ) | ||
| 245 | _aOrigin of Species (ਜੀਵ ਦੀ ਉਤਪਤੀ) | ||
| 250 | _a1st | ||
| 260 |
_aPunjab _bTarkbharti Parkashan _c2004 |
||
| 300 | _a340 | ||
| 942 |
_2ddc _cBK _n0 |
||
| 999 |
_c10089 _d10089 |
||